Doplnkové dôchodkové poistenie - druhý stupeň dôchodkového zabezpečenia

Na minha lista:
Detalhes bibliográficos
Autor principal: Bálintová, Renáta
Formato: Livro
Idioma:eslovaco
Publicado em: Bratislava EPOS 1996
Edição:1. vyd.
Assuntos:
Tags: Adicionar Tag
Sem tags, seja o primeiro a adicionar uma tag!

MARC

LEADER 00000nam a2200000 4500
001 c016871
005 20221128072704.6
020 |a 80-88810-46-9 
041 0 |a slo 
044 |a SK 
245 1 0 |a Doplnkové dôchodkové poistenie - druhý stupeň dôchodkového zabezpečenia  |c Renáta Bálintová 
250 |a 1. vyd. 
264 1 |a Bratislava  |b EPOS  |c 1996 
300 |a 192 s. 
610 2 0 |a poistenie dôchodkové doplnkové 
610 2 0 |a Slovensko 
610 2 0 |a komentáre 
610 2 0 |a 1996 
100 1 |a Bálintová, Renáta